000 00498nam a22001817a 4500
999 _c12173
_d12173
008 210121b ||||| |||| 00| 0 eng d
020 _a071313254x
082 0 0 _a621.811
_bH2435
100 _91552
_aHannah, John
245 1 0 _aMechanics of machines: advanced theory and examples
_cBy John Hannah
250 _a2nd ed.
260 _aLondon
_bEdward Arnold
_c1972
300 _avii,456 p.
365 _d18.00
650 0 _aMachinery
700 _9663
_aStephens, R. C.
942 _cBK